000 00584nam a22002297a 4500
003 UA-OsUOA
001 88332
007 ta
008 20121003b un ||||| |||| 00| 0 ukr d
100 _aСорокин В.И.
090 _a82.09
_bС 65
942 _cBK
040 _aUA-OsUOA
_brus
_cUA-OsUOA
_dUA-OsUOA
245 _aТеория литературы
300 _a279 с.
955 _a1
041 _arus
080 _a82.09
260 _aМ.
_bУчпедгиз
_c1960
650 7 _a82 Література. Літературознавство
_2UDC
999 _c374454
_d374454